00523 2200169 4500001002100000005001700021008004100038035002500079090001800104245004700122250001100169260009100180300002500271650002700296850001200323990001800335YOGYA-0209000002199020150422153909.0 ind  a0010-020900000021990 aRQ 025.2bInf aINFORMASI perpustakaan nomor iv tahun 1989 aCet. 1 aYogyakartabBiro Organisasi dan tatalaksana Sekretariat Wilayah/Daerah Prop. DIYc1990 a110 hlmbilusc32 cm aPerpustakaan - Koleksi aYOPDYOG a15642-PD/A.06